AS Monaco Squad 2025-2026 - Statistics

General Stats
  • This quiz has been taken 88 times
    13 since last reset
  • The average score is 24 of 31
Answer Stats
# Position Nation Player % Correct
10 MF Russia Aleksandr Golovin
100%
12 DF Brazil Caio Henrique
100%
6 MF Switzerland Denis Zakaria
100%
3 DF England Eric Dier
100%
9 FW United States Folarin Balogun
100%
15 MF Senegal Lamine Camara
100%
1 GK Finland Lukáš Hrádecký
100%
16 GK Switzerland Philipp Köhn
100%
18 FW Japan Takumi Minamino
100%
5 DF Germany Thilo Kehrer
100%
2 DF Brazil Vanderson
100%
- Coach Austria Adi Hütter
92%
31 FW Spain Ansu Fati
92%
4 DF Netherlands Jordan Teze
92%
14 FW Denmark Mika Biereth
92%
22 DF Ghana Mohammed Salisu
92%
29 FW Germany Paris Brunner
92%
8 MF France Paul Pogba
92%
24 FW Ivory Coast Simon Adingra
92%
27 FW Senegal Krépin Diatta
83%
- Coach Belgium Sébastien Pocognoli
83%
20 DF France Kassoum Ouattara
75%
25 DF Belgium Wout Faes
75%
23 MF France Aladji Bamba
58%
17 MF Belgium Stanis Idumbo
50%
13 DF France Christian Mawissa
42%
11 FW France Maghnes Akliouche
42%
28 MF France Mamadou Coulibaly
42%
19 FW Nigeria George Ilenikhena
25%
21 FW France Lucas Michal
17%
50 GK France Yann Lienard
17%
No matching quizzes found
Score Distribution
Percent of People with Each Score
Percentile by Number Answered
Your Score History
You have not taken this quiz since the last reset